La inflación y los balances (Registro nro. 1920)
[ vista simple ]
| 000 -LEADER | |
|---|---|
| fixed length control field | 01588 a2200193 4500 |
| 001 - CONTROL NUMBER | |
| control field | 29641 |
| 005 - DATE AND TIME OF LATEST TRANSACTION | |
| control field | 20260407155606.0 |
| 008 - FIXED-LENGTH DATA ELEMENTS--GENERAL INFORMATION | |
| fixed length control field | 260407a1952 arg spa d |
| 003 - CONTROL NUMBER IDENTIFIER | |
| control field | AR-UNSa-BCEJYS |
| 040 ## - CATALOGING SOURCE | |
| Original cataloging agency | AR-UNSa-BCEJYS |
| Language of cataloging | spa |
| Transcribing agency | AR-UNSa-BCEJYS |
| 080 ## - UNIVERSAL DECIMAL CLASSIFICATION NUMBER | |
| Universal Decimal Classification number | 657.23 |
| Common auxiliary subdivision | Compensaciones. Correcciones. Ajustes (devaluación monetaria) |
| 100 1# - MAIN ENTRY--PERSONAL NAME | |
| Personal name | Cholvis, Francisco |
| 245 10 - TITLE STATEMENT | |
| Title | La inflación y los balances |
| 264 #1 - PRODUCTION, PUBLICATION, DISTRIBUTION, MANUFACTURE, AND COPYRIGHT NOTICE | |
| Place of production, publication, distribution, manufacture | Buenos Aires : |
| Name of producer, publisher, distributor, manufacturer | Selección Contable |
| Date of production, publication, distribution, manufacture, or copyright notice | 1952 |
| 300 ## - PHYSICAL DESCRIPTION | |
| Extent | 157 p. |
| Dimensions | 23 cm. |
| 505 ## - FORMATTED CONTENTS NOTE | |
| Formatted contents note | 1. Introducción - 2. La depreciación monetaria - 3. Efectos de la depreciación monetaria sobre los rubros activos, pasivos y subdivisionarios de pérdidas y ganancias - 4. Ajustes de balance y estado de pérdidas y ganancias - 5. Método de corrección - 6. Conversión de Oro - 7. Ajuste con relación a una moneda extranjera sana - 8. Ajustes basados en las variaciones del nivel general de precios - 9. Aplicación de los índices de precios de cada empresa en particular - 10. Cálculo de índice - 11. Realización de los ajustes - 12. Revaluación de bienes activos - 13. La distribución de utilidades en épocas de inflación - 14. La reposición de los valores de cambio - 15. La determinación de los precios de venta durnate los períodos de inflación - 16. La creación de fondos para la renovación de los bienes del activo fijo - 17. El análisis de balances y cuadros de pérdidas y ganancias obtenidos durante épocas de inflación - 18. Normas a seguir en caso de deflación - 19. Conclusiones. |
| 590 ## - LOCAL NOTE (RLIN) | |
| Local note | niveau_biblio:m niveau_hierar:0 |
| 942 ## - ADDED ENTRY ELEMENTS (KOHA) | |
| Koha item type | |
| Withdrawn status | Lost status | Damaged status | Not for loan | Home library | Current library | Shelving location | Date acquired | Total checkouts | Full call number | Barcode | Date last seen | Price effective from | Koha item type |
|---|---|---|---|---|---|---|---|---|---|---|---|---|---|
| Biblioteca Prof. Eusebio Cleto del Rey | Biblioteca Prof. Eusebio Cleto del Rey | 07/04/2026 | 657.23 C547i | L20895 | 07/04/2026 | 07/04/2026 | Libro | ||||||
| Biblioteca Prof. Eusebio Cleto del Rey | Biblioteca Prof. Eusebio Cleto del Rey | 07/04/2026 | 657.23 C547i | L20896 | 07/04/2026 | 07/04/2026 | Libro |